| 000 | 00563nam a2200157 a 4500 | ||
|---|---|---|---|
| 001 | 000040563 | ||
| 005 | 20201002034221.0 | ||
| 008 | 130902s19uu dr 000 0 spa d | ||
| 040 |
_aDO-SdBNP _bspa _cBNPHU |
||
| 110 | 1 |
_aRepública Dominicana _9447 |
|
| 240 | 1 | 3 | _3[Códigos, etc.] |
| 245 | 1 | 0 |
_aCódigo de procedimiento civil de la República Dominicana : _blegislación complementaria (incluye la ley no. 50-00) / _cMáximo A. Díaz. |
| 260 |
_aSanto Domingo : _b[Congreso Nacional], _c[197?]. |
||
| 300 |
_a332 p. ; _c22 cm. |
||
| 700 | 1 |
_aDíaz, Máximo A. _965694 |
|
| 999 |
_c40053 _d40053 |
||